000 00603nam a2200181Ia 4500
008 090124s9999 xx 000 0 und d
082 _b3825
100 _aगद्रे अनंत हरि
245 _a नाटिकानवरत्नहार
250 _a1
260 _bगद्रे अनंत हरि
_c1942
300 _a366
600 _aगद्रे अनंत हरि
630 _a नाटिकानवरत्नहार
700 _aगद्रे अनंत हरि
730 _a नाटिकानवरत्नहार
942 _cBOOK
999 _c83418
_d83418